000 00350nam a2200133Ia 4500
008 151001s9999||||xx |||||||||||||| ||und||
100 _aबर्च बेव्हली
245 _aलुई ब्रेल
250 _a1
260 _bओरीयंट लॉगमन लि
260 _c2007
300 _a70
365 _b21
999 _c989434
_d989431